| 000 | 01574cam a22004095a 4500 | ||
|---|---|---|---|
| 999 |
_c25526 _d25498 |
||
| 001 | 016903615 | ||
| 003 | EG-ScBUE | ||
| 005 | 20210613113414.0 | ||
| 008 | 141015t2015 enka f b 001 0 eng d | ||
| 020 | _a9781292018195 (paperback) | ||
| 020 | _a1292018194 (paperback) | ||
| 035 | _a(UkCU)5819337 | ||
| 040 |
_aUk _beng _erda _cUk _dUkCU _dUk _dEG-ScBUE |
||
| 082 | 0 | 4 |
_a005.2762 _bDEI _222 |
| 100 | 1 |
_aDeitel, Paul J., _eauthor. |
|
| 245 | 1 | 0 |
_aJava : _bhow to program : early objects / _cPaul Deitel, Deitel & Associates, Inc., Harvey Deitel, Deitel & Associates, Inc. ; contributions by Sherif G. Aly, Saleh Al-Hazbi. |
| 250 |
_aTenth edition, _bGlobal edition. |
||
| 264 | 1 |
_aHarlow, England : _bPearson Education Limited, _c[2015] |
|
| 264 | 4 | _cc2015 | |
| 300 |
_a1240 pages : _bcolor illustrations ; _c24 cm. |
||
| 336 |
_2rdacontent _atext _btxt |
||
| 337 |
_2rdamedia _aunmediated _bn |
||
| 338 |
_2rdacarrier _avolume _bnc |
||
| 490 | 0 | _aHow to program series | |
| 500 | _aIncludes Online access go to "http://www.pearsonglobaleditions.com/deitel" | ||
| 504 | _aIncludes bibliographical references and index. | ||
| 650 | 7 |
_aJava (Computer program language) _2BUEsh |
|
| 650 | 7 |
_aObject-oriented programming (Computer science) _2BUEsh |
|
| 651 | _2BUEsh | ||
| 653 |
_bCOMSCI _bGGEN _cOctober2017 |
||
| 655 |
_vReading book _934232 |
||
| 700 | 1 |
_aDeitel, Harvey M., _d1945- _eauthor. |
|
| 700 | 1 |
_aAly, Sherif G., _econtributor. |
|
| 700 | 1 |
_aAl-Hazbi, Saleh, _econtributor. |
|
| 856 | _uhttp://www.pearsonglobaleditions.com/deitel | ||
| 942 |
_2ddc _cBB |
||